[Event "HUN-chT"]
[Site "HUN"]
[Date "1993.??.??"]
[Round "?"]
[White "Almasi, Istvan"]
[Black "Boguszlavszky, Jevgenyij"]
[Result "1-0"]
[WhiteElo "2430"]
[BlackElo "2350"]

1.Nf3 d5 2.g3 c5 3.Bg2 g6 4.O-O Bg7 5.d4 cxd4 6.Nxd4 Nf6 7.Nc3 e5 8.Nb3 d4
9.Na4 O-O 10.c3 dxc3 11.Nxc3 Nc6 12.Bg5 h6 13.Be3 Bf5 14.Qc1 h5 15.Bc5 Re8
16.Rd1 Qb8 17.Nb5 Rd8 18.Bd6 Qc8 19.Ba3 Ne8 20.Nd6 Nxd6 21.Bxd6 e4 22.Ba3 b6
23.Rxd8+ Nxd8 24.Qe3 Qe6 25.Nd4 Bxd4 26.Qxd4 Nc6 27.Qe3 Rd8 28.b3 Ne5 29.Bb2 Ng4
30.Qc3 f6 31.Rc1 Kg7 32.h3 Ne5 33.Qe3 Nf7 34.Kh2 Rd7 35.Rc4 Re7 36.Rd4 Rc7
37.Bxe4 Bxh3 38.Qd2 Ne5 39.f3 Bf5 40.Rd6 Rd7 41.Rxd7+ Qxd7 42.Qxd7+ Bxd7
43.Kg2 Bc6 44.Bc2 Kf7 45.Kf2 g5 46.Bf5 Bd7 47.Bxe5  1-0

[Event "HUN-chT"]
[Site "HUN"]
[Date "1993.??.??"]
[Round "?"]
[White "Bilek, Istvan"]
[Black "Somlai, Laszlo"]
[Result "1/2-1/2"]
[WhiteElo "2380"]
[BlackElo "2385"]

1.Nf3 d5 2.g3 Nf6 3.Bg2 c6 4.b3 Bf5 5.Bb2 e6 6.d3 Be7 7.Nbd2 O-O 8.O-O h6
9.e3 a5 10.a4 Na6 11.Ne5 Nd7 12.e4  1/2-1/2

[Event "HUN-chT"]
[Site "HUN"]
[Date "1993.??.??"]
[Round "?"]
[White "Gyorkos, Lajos"]
[Black "Bauer, Tamas"]
[Result "1/2-1/2"]
[WhiteElo "2410"]
[BlackElo "2335"]

1.Nf3 d5 2.g3 Nf6 3.Bg2 c6 4.O-O Bg4 5.d4 e6 6.Nbd2 Nbd7 7.c4 Bd6 8.b3 O-O
9.Bb2 Bh5 10.Re1 Re8 11.Qc1 Rc8 12.e4 dxe4 13.Nxe4 Nxe4 14.Rxe4 c5 15.Qc3 Bf8
16.Rd1 Qc7 17.Rd2 Rcd8 18.Re1 Nf6 19.Qc1 a6 20.Qa1 cxd4 21.Rxd4 Rxd4 22.Bxd4 Bb4
23.Rd1 Rd8 24.Bxf6 Rxd1+ 25.Qxd1 gxf6 26.Qd4 Qe7 27.Nd2 f5 28.Nf1 Bc5 29.Qf4 b6
30.h4 Be2 31.Qd2 Bxf1 32.Bxf1 a5 33.Kg2 Qf6 34.Be2 Kg7 35.Bf3 h6 36.a4 Bd4
37.Qe1 f4 38.Qe4 fxg3 39.fxg3 Bc5 40.Kh3 Qc3 41.Qg4+ Kf8 42.Qf4 Be3 43.Qc7 Kg7
44.Qb7 Bc5 45.Bh5 Qf6 46.Qf3 Qe7 47.Qc3+ Kg8 48.Qd2 Qb7 49.Qd1 Qc7 50.Qg4+ Kf8
51.Qf4 Qxf4 52.gxf4 Bf2 53.Bd1 Ke7 54.h5 Kd6 55.Kg2 Be3 56.Kf3 Bc1 57.f5 exf5
58.Bc2 Ke5 59.Bd3 Bd2 60.c5 bxc5  1/2-1/2

[Event "HUN-chT"]
[Site "HUN"]
[Date "1993.??.??"]
[Round "?"]
[White "Szell, Lajos"]
[Black "Horvath, Peter"]
[Result "0-1"]
[WhiteElo "2325"]
[BlackElo "2380"]

1.Nf3 d5 2.g3 c5 3.Bg2 Nc6 4.O-O e5 5.d3 Nf6 6.c4 Be7 7.cxd5 Nxd5 8.Nc3 Be6
9.Ng5 Bxg5 10.Bxd5 Bxd5 11.Bxg5 Qd7 12.Nxd5 Qxd5 13.Qa4 O-O 14.Rac1 Nd4 15.Rfe1 e4
16.Be7 exd3 17.Bxc5 Nxe2+ 18.Rxe2 dxe2 19.Bxf8 Qd2  0-1

[Event "HUN-chT"]
[Site "HUN"]
[Date "1993.??.??"]
[Round "?"]
[White "Petran, Peter"]
[Black "Horvath, Sandor"]
[Result "1-0"]
[WhiteElo "2440"]
[BlackElo "2370"]

1.g3 d5 2.Nf3 Bg4 3.Bg2 Nc6 4.d4 h5 5.c4 e6 6.cxd5 exd5 7.Nc3 Qd7 8.h3 Be6
9.Ng5 h4 10.g4 Be7 11.Nxe6 fxe6 12.Bf4 Bd6 13.Bxd6 Qxd6 14.O-O Nf6 15.a3 O-O-O
16.f4 Na5 17.b3 Kb8 18.Na4 Nd7 19.Qd3 c5 20.Qb5 b6 21.b4 cxb4 22.axb4 Nc4
23.Nc5 Nxc5 24.bxc5 Qd7 25.Qa6 Qb7 26.cxb6 Qxa6 27.Rxa6 Nxb6 28.f5 Rhf8 29.fxe6 Rxf1+
30.Kxf1 Re8 31.Ra5 Rxe6 32.Bxd5 Rd6 33.Bb3 Rxd4 34.Rh5 Rb4 35.Bg8 Nd7 36.Rg5 Rb1+
37.Kf2 Rh1 38.Rxg7 Nf6 39.Kg2 Re1 40.Bc4 Ne4 41.g5 Ng3 42.g6 Rc1 43.Bd3 Rc5
44.Rh7 Nh5 45.Kf3 Rg5 46.Rxh5  1-0

[Event "HUN-chT"]
[Site "HUN"]
[Date "1993.??.??"]
[Round "?"]
[White "Poor, Istvan"]
[Black "Petran, Pal"]
[Result "1/2-1/2"]
[WhiteElo "2235"]
[BlackElo "2485"]

1.Nf3 d5 2.g3 c6 3.Bg2 Nf6 4.O-O Bg4 5.d3 Nbd7 6.Nbd2 e6 7.b3 Be7 8.Bb2 O-O
9.e4 a5 10.a4 dxe4 11.dxe4 Bb4 12.c3 Be7 13.Qc2 Nc5 14.Ba3 Qc7 15.b4 axb4
16.Bxb4 Rfd8 17.Nd4 e5 18.Nf5 Bf8 19.Nc4 Bxf5 20.exf5 Nd3 21.Bxf8 Kxf8 22.a5 Qe7
23.Nb6 Rab8 24.Ra4 Nc5 25.Rc4 e4 26.Re1 Qe5 27.Qa2 Kg8 28.f3 Qxf5 29.fxe4 Qe5
30.Rf1 g6 31.Qf2 Ncd7 32.Nxd7 Nxd7 33.Qxf7+ Kh8 34.Rd4 Nc5 35.Rfd1 Rf8 36.Qc4 Ne6
37.Rd6 Qc5+ 38.Qxc5 Nxc5 39.e5 Rbe8 40.Re1 Re7 41.e6 Ra8 42.Bh3 Rxa5 43.Rd8+ Kg7
44.Red1 Nxe6 45.R8d7 Rxd7 46.Rxd7+ Kf6 47.Rxb7  1/2-1/2

[Event "HUN-chT"]
[Site "HUN"]
[Date "1993.??.??"]
[Round "?"]
[White "Krutti, Valer"]
[Black "Berecz, Arpad"]
[Result "1-0"]
[WhiteElo "2345"]
[BlackElo "2195"]

1.Nf3 d5 2.g3 Nf6 3.Bg2 c5 4.O-O Nc6 5.d4 e6 6.c4 Be7 7.Nc3 O-O 8.cxd5 exd5
9.Bg5 cxd4 10.Nxd4 h6 11.Be3 Bg4 12.Qa4 Qd7 13.Rad1 Rad8 14.Nxc6 bxc6 15.Qxa7 Qe6
16.Bc5 Rd7 17.Qa3 Re8 18.Rd4 Rb7 19.Bxe7 Qxe7 20.Qxe7 Rexe7 21.Rd2 d4 22.Rxd4 Rxb2
23.Bxc6 Rc2 24.Nd5 Nxd5 25.Bxd5 Bxe2 26.Bb3 Rb2 27.Re1 g6 28.h4 Kg7 29.g4 Kf6
30.Kh2 Kg7 31.Kg3 f6 32.Bc4 Rb4 33.Rxe2 Rxe2 34.Rd7+  1-0

[Event "ISL-ch"]
[Site "?"]
[Date "1993.??.??"]
[Round "5"]
[White "Bjarnason, Saevar"]
[Black "Gretarsson, Helgi Ass"]
[Result "1-0"]
[WhiteElo "2290"]
[BlackElo "2365"]

1.Nf3 d5 2.g3 Nf6 3.Bg2 c6 4.O-O Bf5 5.d3 e6 6.Nbd2 Be7 7.b3 O-O 8.Nh4 Bg6
9.Nxg6 hxg6 10.Bb2 a5 11.a3 Nfd7 12.e4 dxe4 13.Nxe4 Nf6 14.Ng5 Ne8 15.Nf3 Nd7
16.d4 Bf6 17.Qe2 Nd6 18.a4 c5 19.Rad1 Qc7 20.Ne5 Rad8 21.dxc5 Nxc5 22.Ba3 b6
23.Nc6 Ra8 24.Qe3 Rfc8 25.Bxc5 Nf5 26.Bxb6 Nxe3 27.Bxc7 Nxg2 28.Rd7 Ra6 29.Nxa5 Bc3
30.Kxg2 Bxa5 31.Bxa5 Rxa5 32.c4 Rb8 33.Rd3 Kf8 34.Rfd1 Ke7 35.Kf3 Ra7 36.Rc3 Rab7
37.Rdd3 e5 38.Ke2 e4 39.Re3 f5 40.Kd2 Kd6 41.f3 exf3 42.Rxf3 Kc5 43.Kc2 Rc7
44.Rcd3 Kb4 45.Kb2 Re7 46.Rfe3 Rxe3 47.Rxe3 Rd8 48.Kc2 Rh8 49.Re2 g5 50.a5 f4
51.a6 Ka5 52.a7 Kb6 53.Re7 f3 54.Rf7 g4 55.Kc3 Ra8 56.b4 Rd8 57.c5+  1-0

[Event "Isle of Man op"]
[Site "Isle of Man"]
[Date "1993.??.??"]
[Round "?"]
[White "Welling, Gerard"]
[Black "Kristensen, Bjarke"]
[Result "0-1"]
[WhiteElo "2400"]
[BlackElo "2445"]

1.Nf3 d5 2.g3 c6 3.Bg2 Bg4 4.Ne5 Bf5 5.d4 Nd7 6.Nd3 Ngf6 7.Nd2 e6 8.Nf3 h6
9.O-O Be7 10.Nfe5 O-O 11.c4 Be4 12.Bxe4 dxe4 13.Nxd7 Nxd7 14.Nf4 Nf6 15.b3 Qa5
16.Qc2 Rfd8 17.Bb2 Rd7 18.f3 Qf5 19.fxe4 Qxe4 20.Qxe4 Nxe4 21.e3 Bg5 22.Rfe1 Rad8
23.Re2 Bxf4 24.gxf4 Kh7 25.Rf1 f5 26.Rf3 g5 27.Rg2 g4 28.Rf1 h5 29.Rc2 h4
30.d5 exd5 31.cxd5 Rxd5  0-1

[Event "ITA-chT"]
[Site "ITA"]
[Date "1993.??.??"]
[Round "2"]
[White "Cangiotti, Claudio"]
[Black "Paoli, Enrico"]
[Result "0-1"]
[WhiteElo "2215"]
[BlackElo "2015"]

1.Nf3 d5 2.g3 c5 3.Bg2 Nc6 4.d3 Nf6 5.O-O e6 6.Nbd2 Be7 7.e4 O-O 8.Re1 h6
9.c3 dxe4 10.dxe4 e5 11.Qc2 b6 12.Nc4 Qc7 13.Ne3 Be6 14.Bf1 a6 15.Bc4 b5
16.Bxe6 fxe6 17.Nh4 Nh7 18.Ng6 Ng5 19.Nxf8 Nf3+ 20.Kf1 Rxf8 21.Re2 c4 22.Kg2 Bc5
23.Nf1 Qf7 24.Be3 Ncd4 25.cxd4 exd4 26.Rd1 d3 27.Rxd3 cxd3 28.Qxd3 Ne5 29.Qc2 Bxe3
30.Nxe3 Qf3+ 31.Kg1 Qh5 32.f4 Nf3+ 33.Kf1 Nd4 34.Qd2 Qf3+ 35.Ke1 Qh1+ 36.Kf2 Qxe4
37.Re1 Nf3 38.Qe2 Nxe1 39.Qxe1 e5 40.f5 Rd8 41.Qa5 Rd3 42.Qb6 Qd4 43.Qe6+ Kf8
44.Qc8+ Qd8 45.Qxa6 Rd2+ 46.Kf3 Rxh2 47.Qxb5 Qa8+ 48.Nd5 Qa7 49.Ne3 Qc7 50.a4 h5
51.Ke4  0-1

[Event "ITA-chT"]
[Site "ITA"]
[Date "1993.??.??"]
[Round "3"]
[White "Bellomo, Francesco"]
[Black "Lagumina, Giulio"]
[Result "1/2-1/2"]
[WhiteElo "2365"]
[BlackElo "2275"]

1.Nf3 d5 2.g3 Nf6 3.Bg2 e6 4.O-O c5 5.d3 Nc6 6.Nbd2 b6 7.e4 Bb7 8.Re1 Be7
9.e5 Nd7 10.c4 d4 11.Ne4 Ncxe5 12.Nxe5 Nxe5 13.Nxc5 Bxg2 14.Kxg2 bxc5 15.Rxe5 O-O
16.Qf3 Bd6 17.Re2 Qc7 18.Bd2 a5 19.Rae1 a4  1/2-1/2

[Event "Jakarta Interzonal (Women)"]
[Site "Jakarta"]
[Date "1993.??.??"]
[Round "?"]
[White "Arakhamia, Ketevan"]
[Black "Botsari Miladinovic, Anna Maria"]
[Result "1/2-1/2"]
[WhiteElo "2440"]
[BlackElo "2245"]

1.Nf3 d5 2.g3 Nf6 3.Bg2 c5 4.c4 d4 5.e3 Nc6 6.exd4 cxd4 7.O-O e6 8.d3 Be7
9.Re1 O-O 10.Na3 Ne8 11.Nc2 f6 12.Nh4 g5 13.Nf3 e5 14.h4 h6 15.hxg5 hxg5
16.Nh4 Nc7 17.Ng6 Rf7 18.Nxe7+ Qxe7 19.b4 Nxb4 20.Ba3 a5 21.Nxd4 Qd8 22.Bxb4 Qxd4
23.Re4 Qd8 24.Bc3 Ra6 25.Re3 b5  1/2-1/2

[Event "Jakarta zt"]
[Site "Jakarta"]
[Date "1993.??.??"]
[Round "3"]
[White "Johansen, Darryl K"]
[Black "Adianto, Utut"]
[Result "1/2-1/2"]
[WhiteElo "2500"]
[BlackElo "2490"]

1.Nf3 d5 2.g3 Nf6 3.Bg2 Bf5 4.c4 dxc4 5.Na3 e6 6.Nxc4 Be7 7.d3 Nc6 8.a3 a5
9.b3 O-O 10.Bb2 Ra6 11.O-O Nd7 12.Rc1 h6 13.h3 Qb8 14.Re1 Rd8 15.e4 Bg6 16.d4 b5
17.Ncd2 Na7 18.Qe2  1/2-1/2

[Event "Jakarta zt"]
[Site "Jakarta"]
[Date "1993.??.??"]
[Round "5"]
[White "Wohl, Aleksandar H"]
[Black "Norris, Damian C"]
[Result "1/2-1/2"]
[WhiteElo "2360"]
[BlackElo "2235"]

1.Nf3 d5 2.g3 Nf6 3.Bg2 Bf5 4.c4 c6 5.cxd5 cxd5 6.Qb3 Qc7 7.Nc3 e6 8.d3 Nc6
9.O-O a6 10.Bf4 Bd6 11.Bxd6 Qxd6 12.Qxb7 O-O 13.Qb3 Rab8 14.Qc2 Rfc8 15.Qd2 Qb4
16.b3 Bg4 17.a3 Qd6 18.b4 Bxf3 19.Bxf3 Nd4 20.Rab1 a5 21.Qb2 axb4 22.axb4 Qe5
23.Rfc1 Nxf3+ 24.exf3 h6 25.Ne2 Rxc1+ 26.Nxc1 d4 27.f4 Qh5 28.Ne2 Nd5 29.b5 Nc3
30.Nxc3 dxc3 31.Qxc3 Rxb5 32.Rxb5 Qxb5 33.Qc8+ Kh7 34.Qc4 Qh5 35.Kg2 Qd1
36.h4 g6 37.Qe4 h5 38.Qf3 Qa4 39.f5 exf5 40.Qd5 Qe8 41.Kf3 Kg8 42.Kf4 Qe2
43.Qd4 f6 44.Qxf6 Qd2+ 45.Ke5 Qa5+ 46.Kf4 Qd2+  1/2-1/2

[Event "Kassel op"]
[Site "Kassel"]
[Date "1993.??.??"]
[Round "5"]
[White "Gutman, Lev"]
[Black "Drill, Frank"]
[Result "1-0"]
[WhiteElo "2450"]
[BlackElo "2210"]

1.Nf3 d5 2.g3 Nf6 3.Bg2 c6 4.c3 Bf5 5.Qb3 Qb6 6.d3 h6 7.Be3 Qc7 8.Bf4 Qc8
9.O-O Nbd7 10.c4 e6 11.cxd5 exd5 12.Nc3 Be7 13.Nd4 Nc5 14.Qc2 Bd7 15.e4 dxe4
16.dxe4 O-O 17.e5 Nh7 18.Be3 Re8 19.f4 f6 20.b4 fxe5 21.fxe5 Ne6 22.Nf5 Neg5
23.Nxh6+ gxh6 24.Qg6+ Kh8 25.e6 Nxe6 26.Rf7  1-0

[Event "Katerini GP"]
[Site "Katerini"]
[Date "1993.??.??"]
[Round "7"]
[White "Pigusov, Evgeny"]
[Black "Voiska, Margarita"]
[Result "1-0"]
[WhiteElo "2585"]
[BlackElo "2345"]

1.Nf3 d5 2.g3 c6 3.Bg2 Bg4 4.c4 e6 5.Qb3 Qb6 6.Qc2 Nd7 7.d3 Ngf6 8.O-O Be7
9.b3 O-O 10.Bb2 Rfe8 11.Nbd2 Bd6 12.e3 e5 13.d4 Qd8 14.dxe5 Nxe5 15.Nxe5 Bxe5
16.Bxe5 Rxe5 17.cxd5 cxd5 18.h3 Bf5 19.Qb2 Re7 20.Nf3 Rc8 21.Nd4 Be4 22.f3 Bg6
23.Rfe1 Qb6 24.Rad1 a6 25.g4 h6 26.Qd2 Rec7 27.h4 Qd6 28.Qf2 Qe7 29.Bf1 Rc3
30.h5 Bh7 31.Qd2 Qd6 32.Rc1 Qg3+ 33.Bg2 R3c7 34.Ne2 Qd6 35.Rxc7 Qxc7 36.Rc1 Qd7
37.Rc3 Rxc3 38.Qxc3 Qd8 39.Nf4 Bb1 40.a3 Qe8 41.Kf2 Qd8 42.Qb2 Bh7 43.b4 Qc7
44.Kg3 Bc2 45.Bf1 Ba4 46.Bd3 Bb5 47.Bf5 Bd7 48.Bd3 Bb5 49.Qc2 Bc6 50.Qc3 Qd6
51.Bc2 Qe7 52.Qd4 Qc7 53.Bb3 Qe7 54.Kf2 Qd6 55.Ke2 Kf8 56.Kf2 Kg8 57.Kg2 Kf8
58.Ne2 Qd7 59.Ng3 Ba4 60.Qc5+ Kg8 61.Ba2 Qe6 62.Nf5 Bd1 63.Bxd5 Qd7 64.e4 Kh7
65.Ne3 Be2 66.Kf2 Qb5 67.Bxf7 Bd3 68.Bg6+ Kh8 69.Qc8+ Ng8 70.Bf7  1-0

[Event "Katerini GP"]
[Site "Katerini"]
[Date "1993.??.??"]
[Round "8"]
[White "Umanskaya, Irina"]
[Black "Stefansson, Hannes"]
[Result "0-1"]
[WhiteElo "2305"]
[BlackElo "2500"]

1.Nf3 d5 2.g3 c6 3.Bg2 Bg4 4.O-O Nd7 5.d4 e6 6.Nbd2 Ngf6 7.Re1 c5 8.c4 cxd4
9.Nxd4 Qb6 10.N4b3 Rc8 11.cxd5 Nxd5 12.Nf1 Bb4 13.Bd2 N7f6 14.Rc1 O-O 15.Rxc8 Rxc8
16.Qb1 Bf5 17.e4 Bg6 18.Rc1 Rd8 19.Rd1 Ng4 20.Bxb4 Nxb4 21.Rxd8+ Qxd8 22.h3 Ne5
23.Ne3 h5 24.Nc1 h4 25.a3 hxg3 26.axb4 Qd2 27.Nf1 Qxf2+ 28.Kh1 Nf3 29.Ne2 Nh4  0-1

[Event "Katowice op"]
[Site "Katowice"]
[Date "1993.??.??"]
[Round "1"]
[White "Widera, Jan"]
[Black "Stripunsky, Alexander"]
[Result "0-1"]
[WhiteElo "2185"]
[BlackElo "2470"]

1.Nf3 d5 2.g3 c6 3.Bg2 Bg4 4.b3 Nd7 5.Bb2 Ngf6 6.O-O e6 7.d3 Bd6 8.Nbd2 O-O
9.h3 Bh5 10.e4 e5 11.Qe2 Re8 12.a4 Qc7 13.g4 Bg6 14.Nh4 Nf8 15.Nf5 Ne6 16.Qf3 Bb4
17.Rfd1 Rad8 18.Nf1 Bxf5 19.gxf5 Nd4 20.Bxd4 exd4 21.Ng3 Qd6 22.a5 Qc5 23.Ra2 Bxa5
24.Nh5 Nxh5 25.Qxh5 dxe4 26.Bxe4 Rd6 27.Kh1 Bc7 28.Rg1 Rg6 29.Rg4 a5 30.Kg2 Qe5
31.Ra1 Qh2+ 32.Kf3 Rxg4 33.Qxg4 Qe5 34.Rg1 Qf6 35.Qh5 Re5 36.Qg4 Rc5 37.Rc1 Qh6
38.f6 Qxf6+ 39.Ke2 g6 40.Qc8+ Bd8 41.f4 Kg7 42.Kf3 Be7 43.b4 axb4 44.Qxb7 Bd6
45.f5 Rxf5+  0-1

[Event "Katowice op"]
[Site "Katowice"]
[Date "1993.??.??"]
[Round "1"]
[White "Kengis, Edvins"]
[Black "Aslanian, Ludmila K"]
[Result "1-0"]
[WhiteElo "2555"]
[BlackElo "2230"]

1.Nf3 d5 2.g3 c6 3.Bg2 Bg4 4.O-O Nd7 5.d4 e6 6.Nbd2 Ngf6 7.c4 Bd6 8.b3 O-O
9.Bb2 a5 10.a3 Bxf3 11.exf3 dxc4 12.Nxc4 Bc7 13.f4 Nb6 14.Qc2 a4 15.Ne5 axb3
16.Qxb3 Na4 17.Bc1 Ra7 18.Be3 Nd5 19.Rfc1 Qe7 20.Bd2 Rfa8 21.Nd3 Bd6 22.f5 exf5
23.Bxd5 cxd5 24.Qxd5 Nb6 25.Qxf5 Rxa3 26.Rab1 R3a6 27.d5 Ba3 28.Re1 Qd6 29.Nf4 Bc5
30.Kg2 Ra2 31.Re2 Nc4 32.Rxb7 Rf8 33.Re8 Qf6 34.Rxf8+ Bxf8 35.Qxf6 gxf6 36.Bc3 Kg7
37.Ne6+ Kg8 38.Nxf8 Ne3+ 39.Kf3 Nxd5 40.Rb8 Nxc3 41.Ne6+  1-0

[Event "Katowice op"]
[Site "Katowice"]
[Date "1993.??.??"]
[Round "5"]
[White "Bandza, Algirdas"]
[Black "Ivanov, Sergey"]
[Result "1/2-1/2"]
[WhiteElo "2350"]
[BlackElo "2500"]

1.Nf3 d5 2.g3 g6 3.Bg2 Bg7 4.d4 Nf6 5.O-O O-O 6.c4 dxc4 7.Na3 c3 8.bxc3 c5
9.e3 Nc6 10.Qe2 Bf5 11.Bb2 e5 12.Nc4 exd4 13.cxd4 cxd4 14.Nxd4 Nxd4 15.Bxd4 Qe7
16.Qb2 Be4 17.Bxe4 Qxe4 18.Nb6 axb6 19.Bxf6 Bxf6 20.Qxf6 b5 21.Rfd1 Qc2 22.Rdc1 Qd2
23.Rd1 Qe2 24.Re1 Qc2 25.Rec1 Qe2 26.Re1 Qd2 27.Red1 Qe2 28.Re1 Qc2 29.Rec1  1/2-1/2

[Event "Katowice op"]
[Site "Katowice"]
[Date "1993.??.??"]
[Round "5"]
[White "Gorbatow, Alexej"]
[Black "Stripunsky, Alexander"]
[Result "0-1"]
[WhiteElo "2385"]
[BlackElo "2470"]

1.Nf3 d5 2.g3 c6 3.Bg2 Bg4 4.b3 Nd7 5.Bb2 e6 6.O-O h5 7.d3 Bxf3 8.Bxf3 h4
9.Qd2 Ngf6 10.c4 Bd6 11.Qg5 Qc7 12.cxd5 exd5 13.Nc3 Kf8 14.Rac1 Qd8 15.e4 Ne5
16.Be2 d4 17.Nb1 hxg3 18.f4 gxh2+ 19.Kh1 Nh5 20.Qxd8+ Rxd8 21.Bxh5 Nxd3 22.Rc2 Rxh5
23.Bxd4 Bxf4 24.Bxa7 Bc7 25.Be3 Rh3 26.Re2 Rxe3 27.Rxe3 Nf2+ 28.Kg2 h1=Q+
29.Rxh1 Nxh1  0-1

[Event "Katowice op"]
[Site "Katowice"]
[Date "1993.??.??"]
[Round "5"]
[White "Kengis, Edvins"]
[Black "Meduna, Eduard"]
[Result "1-0"]
[WhiteElo "2555"]
[BlackElo "2460"]

1.Nf3 d5 2.g3 c6 3.Bg2 Bg4 4.O-O e6 5.d4 Nd7 6.Nbd2 f5 7.c4 Bd6 8.Qb3 Rb8
9.cxd5 exd5 10.Qd3 Ngf6 11.Nh4 g6 12.f3 Bh5 13.e4 Be7 14.Nb3 fxe4 15.fxe4 dxe4
16.Bxe4 O-O 17.Bg2 Ne5 18.Qc2 Nf7 19.Bf4 Rc8 20.Nf3 Bg4 21.Rae1 Bf5 22.Qc4 Nd5
23.Ne5 b5 24.Qc1 Nxf4 25.Qxf4 Nxe5 26.Qxe5 Bd6 27.Qe3 Bb4 28.Rc1 Qd6 29.a3 Qe7
30.Qxe7 Bxe7 31.Bxc6 Bd3 32.Bd5+ Kg7 33.Rfe1 Bf6 34.Kg2 Rcd8 35.Nc5 Rxd5
36.Nxd3 Rxd4 37.Nf4 Rd2+ 38.Kh3 Kh6 39.Rc7 Bg5  1-0

[Event "Katowice op"]
[Site "Katowice"]
[Date "1993.??.??"]
[Round "6"]
[White "Krzywicki, Dariusz"]
[Black "Mnatsakanian, Eduard A"]
[Result "1-0"]
[WhiteElo "2305"]
[BlackElo "2405"]

1.Nf3 d5 2.g3 Nf6 3.Bg2 c6 4.O-O Bf5 5.d3 e6 6.Nbd2 h6 7.b3 Nbd7 8.Bb2 Bh7
9.c4 Bc5 10.a3 a5 11.Ra2 O-O 12.Qa1 Qe7 13.Ne5 Rfd8 14.Ndf3 Nxe5 15.Bxe5 Ne8
16.Bc3 f6 17.cxd5 cxd5 18.Rc1 Bd6 19.Nd4 Nc7 20.a4 Qe8 21.Nc2 Qe7 22.b4 axb4
23.Bxb4 Bxb4 24.Nxb4 Bg6 25.Nc2 Be8 26.Nd4 Na6 27.Rac2 Kh8 28.Bh3 Bd7 29.a5 Qd6
30.Rb2 e5 31.Rb6 Qe7 32.Nf5 Qf8 33.Rxb7 Nc5 34.Nh4 Qd6 35.Rxc5 Qxc5 36.Rxd7 Rxd7
37.Bxd7 Rxa5 38.Qb1 Qa7 39.Ng6+ Kh7 40.Nf8+ Kg8 41.Qb4 Qc5 42.Qb8  1-0

[Event "Katowice op"]
[Site "Katowice"]
[Date "1993.??.??"]
[Round "6"]
[White "Urban, Julian"]
[Black "Slonimskij, Arkadij"]
[Result "1-0"]
[WhiteElo "2390"]
[BlackElo "2230"]

1.Nf3 d5 2.g3 g6 3.Bg2 Bg7 4.O-O e5 5.d3 Ne7 6.Nbd2 O-O 7.e4 dxe4 8.dxe4 c6
9.Nc4 Qc7 10.Qd6 Qxd6 11.Nxd6 Na6 12.Be3 b6 13.c3 Nc7 14.Rfd1 Rd8 15.Ng5 Be6
16.Nxe6 Nxe6 17.Bh3 Nf8 18.a4 c5 19.a5 Nc6 20.axb6 axb6 21.Rxa8 Rxa8 22.Nc8 Ra2
23.Rb1 Ne6 24.Bxe6 fxe6 25.Nxb6 Bf8 26.Nd7 c4 27.Nxf8 Kxf8 28.Bc5+ Kf7 29.Ba3 Na7
30.Rd1 Nb5 31.Rd7+ Kg8 32.Rd8+ Kf7 33.Bb4 Rxb2 34.Rf8+ Kg7 35.Rb8 Rb1+ 36.Kg2 Na3
37.Kf3 Kf7 38.Rf8+ Kg7 39.Bxa3  1-0

[Event "Katowice op"]
[Site "Katowice"]
[Date "1993.??.??"]
[Round "9"]
[White "Krzywicki, Dariusz"]
[Black "Stripunsky, Alexander"]
[Result "1/2-1/2"]
[WhiteElo "2305"]
[BlackElo "2470"]

1.Nf3 d5 2.g3 c6 3.Bg2 Bg4 4.O-O Nd7 5.d3 e6 6.Nbd2 Bd6 7.e4 Ne7 8.h3 Bh5
9.Qe1 Qb8 10.b3 O-O 11.Bb2 h6 12.Kh1 a5 13.a3 b5 14.Nd4 e5 15.Nf5 Nxf5 16.exf5 f6
17.Nf3 Re8 18.Nh4 Nf8 19.Qd2 Bf7 20.Rg1 Ra7 21.Rae1 b4 22.a4 c5 23.Qd1 Ree7
24.Ng6 Nxg6 25.fxg6 Be6 26.f4 Kh8 27.fxe5 Bxe5 28.Bxe5 fxe5 29.Qh5 Bg8 30.Kh2 e4
31.dxe4 Re5 32.Qd1 d4 33.Rgf1 Qe8 34.Rf5 Rae7 35.Ref1 Qxg6 36.Rf8 Re8 37.Qd3 Qd6
38.Rxe8 Rxe8 39.Qb5 Re5 40.Qxa5 c4 41.Qa8 Rg5 42.e5 Qxe5 43.Rf8 Qxg3+ 44.Kh1 Qe1+
45.Kh2 Qe6 46.Re8 Qf7 47.Rf8 Qe6 48.Re8 Qf7 49.Rf8 Qe6  1/2-1/2

[Event "Katowice op"]
[Site "Katowice"]
[Date "1993.??.??"]
[Round "9"]
[White "Kengis, Edvins"]
[Black "Klovans, Janis"]
[Result "1-0"]
[WhiteElo "2555"]
[BlackElo "2440"]

1.Nf3 d5 2.g3 Nf6 3.Bg2 c6 4.O-O Bg4 5.b3 e6 6.Bb2 Be7 7.c4 O-O 8.Na3 Nbd7
9.Nc2 Re8 10.d3 Bh5 11.Qd2 Bd6 12.Rac1 Qe7 13.Nfd4 Bg6 14.Ne3 Bb4 15.Qc2 Ba3
16.cxd5 Bxb2 17.Qxb2 Nxd5 18.Nxd5 exd5 19.b4 Nb6 20.Qb3 Rad8 21.e3 a6 22.Rfe1 Qd6
23.Qc3 Nd7 24.f4 f6 25.Nb3 Nf8 26.Nc5 Re7 27.e4 dxe4 28.dxe4 Bf7 29.e5 fxe5
30.fxe5 Qd4+ 31.Qxd4 Rxd4 32.a3 Ne6 33.Ne4 Rd3 34.a4 Rb3 35.Rb1 Rxb1 36.Rxb1 Nd4
37.Rd1 Nc2 38.Rd8+ Re8 39.Rd7 Rxe5 40.Nd6 Be8 41.Rxb7 Nd4 42.Rb8 Kf8 43.Bf1 Re6
44.Rxe8+ Rxe8 45.Nxe8 Kxe8 46.Bxa6  1-0

[Event "Kecskemet2"]
[Site "Kecskemet"]
[Date "1993.??.??"]
[Round "9"]
[White "Habibi, Ali"]
[Black "Haba, Petr"]
[Result "0-1"]
[WhiteElo "2310"]
[BlackElo "2485"]

1.Nf3 d5 2.g3 Nf6 3.c4 c6 4.b3 Bf5 5.Bb2 e6 6.Bg2 h6 7.O-O Be7 8.d3 O-O 9.Nc3 Nbd7
10.Rc1 Re8 11.Qd2 Bh7 12.Rfd1 a5 13.Qc2 Bc5 14.Na4 Ba7 15.c5 e5 16.Nd2 Qe7
17.e3 Qe6 18.Nf1 e4 19.d4 Bf5 20.Bc3 Bh3 21.Bxa5 Bb8 22.Be1 Bxg2 23.Kxg2 Nh7
24.Qe2 Ndf6 25.Nd2 Ng5 26.Kh1 Bc7 27.Nc3 Ba5 28.a4 Bxc3 29.Rxc3 Qh3 30.Qf1 Qh5
31.Rdc1 Ng4 32.Qg2 Re6 33.R3c2 Rf6 34.Ra1 Rf5 35.Nf1 Nf3 36.Bc3 Qg6 37.h3 Rh5
38.b4 Qf5 39.a5  0-1

[Event "Kecskemet"]
[Site "Kecskemet"]
[Date "1993.??.??"]
[Round "9"]
[White "Loginov, Valery A"]
[Black "Videki, Sandor"]
[Result "1/2-1/2"]
[WhiteElo "2505"]
[BlackElo "2415"]

1.Nf3 d5 2.g3 c6 3.Bg2 Bg4 4.c4 dxc4 5.Na3 Qd5 6.Qc2 Be6 7.e4 Qd3 8.Qxd3 cxd3
9.Ne5 Na6 10.Nxd3 Rd8 11.Ke2 g6 12.b3 Bg7 13.Bb2 Bxb2 14.Nxb2 f5 15.e5 Bd5
16.Bxd5 Rxd5 17.f4 Nh6 18.Nac4 Nf7 19.Ne3 Rd4 20.Rac1 Nd8 21.Nd3 Ne6 22.Ne1 Kf7
23.Nf3 Rd7 24.Rc4 Rhd8 25.Rd1 Nac7 26.d3 Nb5 27.Nc2 Nbd4+ 28.Ncxd4 Nxd4+
29.Nxd4 Rxd4 30.Ke3 R4d5 31.d4 c5  1/2-1/2

[Event "Kladovo zt"]
[Site "Kladovo"]
[Date "1993.??.??"]
[Round "1"]
[White "Kosic, Dragan"]
[Black "Tosic, Miroslav"]
[Result "1/2-1/2"]
[WhiteElo "2455"]
[BlackElo "2440"]

1.Nf3 d5 2.g3 c6 3.Bg2 Nf6 4.O-O Bg4 5.b3 Nbd7 6.Bb2 e6 7.d3 Bd6 8.c4 O-O
9.Nc3 Qe7 10.cxd5 exd5 11.Qc2 Ba3 12.Bxa3 Qxa3 13.d4 Rfe8  1/2-1/2

[Event "Kurgan"]
[Site "Kurgan"]
[Date "1993.??.??"]
[Round "?"]
[White "Chuprov, A."]
[Black "Bykhovsky, Avigdor"]
[Result "1-0"]
[WhiteElo "2405"]
[BlackElo "2470"]

1.Nf3 d5 2.g3 g6 3.Bg2 Bg7 4.d4 Nc6 5.c4 e6 6.cxd5 exd5 7.Bg5 Nge7 8.Nc3 h6
9.Bxe7 Nxe7 10.O-O O-O 11.b4 c6 12.e3 a6 13.a4 Bf5 14.Qb3 Bd3 15.Rfd1 Bc4
16.Qc2 b5 17.Ne5 Bxe5 18.dxe5 Qb8 19.axb5 axb5 20.Rxa8 Qxa8 21.Qb2 Qb8 22.Nb1 Qa7
23.Nd2 Ra8 24.e6 Be2 25.Re1 Bg4 26.exf7+ Kxf7 27.h3 Qa2 28.Qc1 Be6 29.e4 Qa3
30.exd5 cxd5 31.Qc5 Rc8 32.Qd6 Rc6 33.Qf4+ Nf5 34.Nf3 g5 35.Qb8 Rc1 36.Rxc1 Qxc1+
37.Kh2 Qc3 38.Qxb5 Qb2 39.Qc5 d4 40.Ne5+ Kf6 41.Ng4+ Kg7 42.Qe5+  1-0

[Event "Kurgan"]
[Site "Kurgan"]
[Date "1993.??.??"]
[Round "?"]
[White "Asanov, Bolat"]
[Black "Bykhovsky, Avigdor"]
[Result "0-1"]
[WhiteElo "2385"]
[BlackElo "2470"]

1.Nf3 d5 2.g3 c6 3.Bg2 Bg4 4.O-O Nd7 5.d3 e5 6.c4 dxc4 7.dxc4 Ngf6 8.Qc2 Bxf3
9.exf3 Bc5 10.f4 O-O 11.Nc3 Re8 12.Qf5 Bd4 13.Ne2 Nb6 14.Qc2 Qe7 15.Bd2 Rad8
16.Rae1 Bxb2 17.Ba5 Ba3 18.fxe5 Qxe5 19.Bc3 Qe6 20.c5 Nbd7 21.Ba5 Bxc5 22.Nf4 Qd6
23.Rd1 Qf8 24.Bxd8 Rxd8 25.h3 Bb6 26.Rd2 Nc5 27.h4 h6 28.Bf3 Qe7 29.Kg2 Nfd7
30.Re2 Ne5 31.Rfe1 Bc7 32.Qf5 Re8 33.Nh5 Ncd7 34.Bg4 Qb4 35.Qxd7 Nxd7 36.Rxe8+ Kh7
37.Bxd7 Bd6 38.g4 Qd4 39.Ng3 g6 40.Ne4 Qd5 41.Bc8 Kg7 42.Re2 Bb4 43.f3  0-1

[Event "La Coruna op"]
[Site "La Coruna"]
[Date "1993.??.??"]
[Round "?"]
[White "Damljanovic, Branko"]
[Black "Antunes, Antonio"]
[Result "0-1"]
[WhiteElo "2570"]
[BlackElo "2425"]

1.g3 d5 2.Nf3 c6 3.Bg2 Bg4 4.O-O Nd7 5.d3 Ngf6 6.Qe1 e5 7.e4 dxe4 8.dxe4 Bc5
9.Nbd2 O-O 10.h3 Bh5 11.Nc4 Re8 12.Nh4 Qc7 13.Bg5 Kh8 14.Kh1 Ng8 15.Bd2 f6
16.Nf5 Bf7 17.Nce3 Ne7 18.Nxe7 Bxe7 19.Qe2 Bf8 20.h4 Nc5 21.h5 Rad8 22.h6 g6
23.Ng4 Nd7 24.f4 Be6 25.f5 gxf5 26.exf5 Bf7 27.Nf2 Be7 28.g4 Nb6 29.b3 Nd5
30.Nd3 e4 31.Qxe4 Bb4 32.Bf4 Nxf4 33.Qxf4 Qxf4 34.Rxf4 Bf8 35.Re4 Rxe4 36.Bxe4 Bxh6
37.Kg2 Bf8 38.Kf3 Bd6 39.Rh1 Kg7 40.c4 a5 41.Rb1 h5 42.gxh5 Bxh5+ 43.Ke3 Bf7
44.a4 Rh8 45.c5 Rh3+ 46.Kd4 Bh2 47.b4 axb4 48.Rxb4 Rh4 49.Kc3 Kf8 50.Bxc6 Rxb4
51.Nxb4 bxc6 52.a5 Be8 53.a6 Bb8 54.Kd4 Ke7  0-1

[Event "Las Palmas2"]
[Site "Las Palmas"]
[Date "1993.??.??"]
[Round "?"]
[White "Matamoros Franco, Carlos S"]
[Black "Brito, Alfredo"]
[Result "1/2-1/2"]
[WhiteElo "2410"]
[BlackElo "2370"]

1.Nf3 d5 2.g3 c6 3.Bg2 Bg4 4.O-O Nf6 5.d3 e6 6.c4 Nbd7 7.Nc3 Be7 8.cxd5 exd5
9.e4 O-O 10.exd5 Nxd5 11.Nxd5 cxd5 12.Be3 Bf6 13.Qb3 Nb6 14.Nd4 Qd7 15.a4  1/2-1/2